LEADER 03806nam 2200745Ia 450 001 9910971684003321 005 20200520144314.0 010 $a9780791483824 010 $a0791483827 010 $a9781423743767 010 $a1423743768 035 $a(CKB)1000000000458802 035 $a(OCoLC)808346449 035 $a(CaPaEBR)ebrary10579184 035 $a(SSID)ssj0000172144 035 $a(PQKBManifestationID)11152193 035 $a(PQKBTitleCode)TC0000172144 035 $a(PQKBWorkID)10150624 035 $a(PQKB)10465759 035 $a(OCoLC)794701306 035 $a(MdBmJHUP)muse6241 035 $a(Au-PeEL)EBL3407761 035 $a(CaPaEBR)ebr10579184 035 $a(DE-B1597)681724 035 $a(DE-B1597)9780791483824 035 $a(MiAaPQ)EBC3407761 035 $a(Perlego)2673850 035 $a(EXLCZ)991000000000458802 100 $a20041102d2005 uy 0 101 0 $aeng 135 $aurcn||||||||| 181 $ctxt 182 $cc 183 $acr 200 14$aThe history of men $eessays in the history of American and British masculinities /$fMichael S. Kimmel 205 $a1st ed. 210 $aAlbany $cState University of New York Press$dc2005 215 $a1 online resource (273 p.) 300 $aBibliographic Level Mode of Issuance: Monograph 311 08$a9780791463406 311 08$a0791463400 311 08$a9780791463390 311 08$a0791463397 320 $aIncludes bibliographical references (p. 241-251) and index. 327 $tFront Matter -- $tContents -- $tPreface -- $tAcknowledgments -- $tIntroduction -- $tInvisible Masculinity -- $tAmerican Masculinities -- $tBorn to Run -- $tConsuming Manhood -- $tBaseball and the Reconstitution of American Masculinity, 1880?1920 -- $tMen?s Responses to Feminism at the Turn of the Century -- $tThe Cult of Masculinity -- $tFrom ?Conscience and Common Sense? to ?Feminism for Men? -- $tBritish Masculinities -- $tFrom Lord and Master to Cuckold and Fop -- $tMundus Foppensis and the Levellers -- $t?Greedy Kisses? and ?Melting Extasy? -- $tLove Letters Between a certain late Nobleman And the famous Mr. Wilson Discovering The True History of the Rise and surprising Grandeur of that celebrated Beau Printed for A. Moore, near St. Paul London, 1745 (originally published, 1723) -- $tNotes -- $tReferences -- $tIndex 330 $aIn this collection, one of the world's leading scholars in the field of masculinity studies explores the historical construction of American and British masculinities. Tracing the emergence of American and British masculinities, the forms they have taken, and their development over time, Michael S. Kimmel analyzes the various ways that the ideology of masculinity?the cultural meaning of manhood?has been shaped by the course of historical events, and, in turn, how ideas about masculinity have also served to shape those historical events. He also considers newly emerging voices of previously marginalized groups such as women, the working class, people of color, gay men, and lesbians to explore the marginalized and de-centered notions of masculinity and the political processes and dynamics that have enabled this marginalization to occur. 606 $aMen$zUnited States 606 $aMen$zGreat Britain 606 $aMasculinity$zUnited States 606 $aMasculinity$zGreat Britain 606 $aSex role$zUnited States 615 0$aMen 615 0$aMen 615 0$aMasculinity 615 0$aMasculinity 615 0$aSex role 676 $a305.31/0973 700 $aKimmel$b Michael S$01805393 801 0$bMiAaPQ 801 1$bMiAaPQ 801 2$bMiAaPQ 906 $aBOOK 912 $a9910971684003321 996 $aThe history of men$94353960 997 $aUNINA